| 000 | 01111cam a2200337 a 4500 | ||
|---|---|---|---|
| 001 | 57822 | ||
| 003 | CO-BoRNBP | ||
| 005 | 20250730175336.0 | ||
| 007 | ta | ||
| 008 | 030915s2003 ck a jr 00011 spa d | ||
| 020 | _a9583012556 | ||
| 040 |
_aCO-BoBLA _bspa _cCO-BoBLA |
||
| 041 | 0 | _aspa | |
| 043 | _as-ck--- | ||
| 082 | 0 | 4 |
_aI863.6 _bD41r1 _219 ed. |
| 100 | 1 |
_aDíaz López, Santiago, _d1970- _92389 |
|
| 245 | 1 | 0 |
_aRosario diccionario / _cSantiago Díaz López ; ilustraciones Laura Osorno Carrizosa. |
| 250 | _aEdición Adriana Paola Forero Ospina. | ||
| 300 |
_a47 p : _bil ; _c23 cm. |
||
| 336 |
_2rdacontent _atexto _btxt |
||
| 337 |
_2rdamedia _asin mediación _bn |
||
| 338 |
_2rdacarrier _avolumen _bnc |
||
| 650 | 7 |
_aAnimales _vCuentos infantiles. _2BLAAUTO _943815 |
|
| 650 | 7 |
_aCuentos infantiles colombianos. _2BLAAUTO |
|
| 650 | 7 |
_aCuentos infantiles _v Diccionarios. _2BLAAUTO _961726 |
|
| 700 | 1 |
_aOsorno, Laura, _eil. _92028 |
|
| 700 | 1 |
_aForero Ospina, Adriana Paola, _eed. _961727 |
|
| 830 | 0 | _aPrograma de catalogación en la publicación | |
| 942 |
_2ddc _cBK |
||
| 949 |
_ac _bc |
||
| 999 |
_c57822 _d57822 |
||